000 00590nam a22002177a 4500
003 OSt
005 20170113191010.0
008 170113b xxu||||| |||| 00| 0 eng d
020 _a0723610908
040 _cDMLN
082 _aWU29 L811d 2004
100 _aEdited by Peter, B. Lockhart
_911393
245 _aDental Care of the Medically Complex Patient
250 _a5th ed.
260 _aEdinburgh; Wright, 2004
300 _axix,452p; col.ill: 19cm
504 _aAppendices, & index included
650 _aDental care
_911394
650 _aPatient care
_99981
942 _2z
_cO_SHELF
999 _c5453
_d5453